Es divertido descubrir la época de la Biblia (Registro nro. 12499)

Detalles MARC
000 -LIDER
fixed length control field 00776nam a2200289 4500
001 - NÚMERO DE CONTROL
Identificador de número de control
003 - IDENTIFICACDOR DE NÚMERO DE CONTROL
control field DO-SdBNP
005 - DATE AND TIME OF LATEST TRANSACTION
control field 20170117121056.0
008 - ELEMENTOS DE LONGITUD FIJA
fixed length control field 840423s1983 sp a 000 spa
016 7# - NO. DE CONTROL DE LA AGENCIA BIB. NACIONAL
Record control number
Canceled/invalid record control number
Source BPMSU
017 ## - NÚMERO DE REGISTRO DE DERECHOS DE AUTOR
Copyright or legal deposit number
Assigning agency
020 ## - ISBN
International Standard Book Number 361049196
035 ## - NÚMERO LOCAL
System control number (OCoLC)
040 ## - FUENTE DE CATALOGACIÓN
Agencia que crea de manera original el registro BPMSU
Idioma de catalogación spa
Agencia que realiza la transcripción BPMSU
Convenciones de la despripción
080 #0 - NÚMERO DE CLASIFICACIÓN DECIMAL UNIVERSAL
Universal Decimal Classification number
100 ## - ASIENTO PRINCIPAL -- NOMBRE PERSONAL
Nombre personal
240 ## - TITULO UNIFORME
Título uniforme Finding out about bible times
Idioma de una obra Español
245 03 - MENCIÓN DE TITULO
Título Es divertido descubrir la época de la Biblia
Medio (Designación general de material)
Mención de responsabilidad
260 ## - PUBLICACIÓN, DISTRIBUCIÓN, ETC. (PIE DE IMPRENTA)
Lugar de publicación, distribución, etc Barcelona :
Nombre del editor, distribuidor, etc. Plaza & Janes,
Fecha de publicación, distribución, etc 1983
300 ## - DESCRIPCIÓN FÍSICA
Extensión 45 p. :
Otros detalles físicos il. ;
Dimensiones 32 cm
490 0# - MENCIÓN DE SERIES
Mención de serie Cliper
650 #7 - ENCABEZAMIENTO DE MATERIA--TEMÁTICO
Término temático o nombre geográfico como elemento de entrada Historia sagrada
Fuente del encabezamiento o término embne
700 1# - ASIENTO SECUNDARIO -- NOMBRE PERSONAL
Nombre personal Maclean, Moira
Fechas asociadas con el nombre 1933-
700 1# - ASIENTO SECUNDARIO -- NOMBRE PERSONAL
Nombre personal Maclean, Colin
Fechas asociadas con el nombre 1930-
942 ## - ADDED ENTRY ELEMENTS (KOHA)
Source of classification or shelving scheme Dewey Decimal Classification
Koha item type Libros
956 ## - LOCAL ELECTRONIC LOCATION AND ACCESS (OCLC)
Nombre de host VMATEO
Número de acceso 10
Información de compresión 20170117
Trayectoria BPMSU
Nombre Electrónico 0069
Existencias
Withdrawn status Lost status Source of classification or shelving scheme Damaged status Not for loan Collection code Home library Current library Date acquired Source of acquisition Total Checkouts Barcode Date last seen Price effective from Koha item type
    Dewey Decimal Classification     Colección Juvenil General Biblioteca Pública Metropolitana Salomé Ureña Biblioteca Pública Metropolitana Salomé Ureña 01/17/2017 Sellar   BPMET17010710 01/17/2017 01/17/2017 Libros